01374cam a22004934i 4500003000900000005001700009008004100026020001500067035002700082040003300109082001900142100002700161245002800188264005600216300003800272336002100310337002500331338002300356490002500379504002800404505023700432526001000669526001000679526001000689526001000699526001000709526000900719526000900728526000900737526000900746526000900755526000900764526000900773526000900782526000900791526000900800526000800809526000800817526000800825526000800833526000800841526000800849650002300857PE-LiUPU20250731170430.0150623s r 000 0 d a0340611014 a(Sirsi) i9780340611012 aPE-LiUPUbspacPE-LiUPUerda04a170.1bT482211 aThompson, Mel,eautor.10aEthics /cMel Thompson. 1aEuston Road, London :bTeach Yourself Books,c1994. a222 páginas ;c20 centímetros atext2rdacontent aunmediated2rdamedia avolume2rdacarrier0 aTeach Yourself Books aIncluye bibliografía.0 aIntroduction: The art of living. Free to choose?. What do we mean?. Is it natural?. Looking for results. The experience of moral choice. A summary. Personal development. Law and order. A global perspective religion and moral values. aSEG68 aSEG70 aSEG69 aSEG67 aSEG43 aP144 aP143 aP131 aP122 aP120 aP117 aP112 aP110 aP106 aP101 aP80 aP59 aP54 aP35 aP33 aP3004aÉticaxTeoría.